000 00357nam a2200157Ia 4500
003 0STCL
008 150530s9999 xx 000 0 und d
040 _aSTCL
_cSTCL
100 _aNikos Kazantzakis; Carl Wildman; Tr
245 _aZorba the greek
260 _c1965
546 _aEnglish
942 _2ddc
_cBK
999 _c61731
_d61731
005 20220125171156.0